Systems Research and Applications Corporation.

Bibliographic Details
Corporate Author: United States. Government Accountability Office (Author)
Format: Government Document eBook
Language:English
Published: Washington, D.C. : U.S. Government Accountability Office, 2012.
Series:Decision (United States. Government Accountability Office)
Subjects:
Online Access:https://purl.fdlp.gov/GPO/gpo32551

MARC

Tag First Indicator Second Indicator Subfields
LEADER 00000cam a2200000 i 4500
001 in00002811896
005 20211120170725.0
006 m o d f
007 cr bn|||||||||
008 121228s2012 dcu o f000 0 eng c
035 |a (OCoLC)ocn822998428 
040 |a GPO  |b eng  |e rda  |c GPO  |d GPO  |d MvI  |d UtOrBLW 
042 |a pcc 
043 |a n-us--- 
049 |a WWW 
074 |a 0546-D-09 (online) 
086 0 |a GA 1.5/A-2:B-407224.3 
110 1 |a United States.  |b Government Accountability Office,  |e author. 
245 1 0 |a Systems Research and Applications Corporation. 
264 1 |a Washington, D.C. :  |b U.S. Government Accountability Office,  |c 2012. 
300 |a 1 online resource (11 pages). 
336 |a text  |b txt  |2 rdacontent 
337 |a computer  |b c  |2 rdamedia 
338 |a online resource  |b cr  |2 rdacarrier 
490 1 |a Decision 
500 |a Title from title screen (viewed on Dec. 28, 2012). 
500 |a "December 17, 2012." 
500 |a "B-407224.3." 
610 2 0 |a SRA Corporation. 
650 0 |a Contracting out  |z United States  |x Evaluation. 
650 0 |a Letting of contracts  |x Government policy  |z United States  |x Evaluation. 
830 0 |a Decision (United States. Government Accountability Office) 
856 4 0 |u https://purl.fdlp.gov/GPO/gpo32551  |t 0 
999 |a MARS 
999 f f |s 8f235c0e-f1c8-352b-956b-842070a3f9d2  |i 3daadd6b-7cfa-3001-9e89-16aeca732db6  |t 0 
952 f f |a Texas A&M University  |b College Station  |c Electronic Resources  |d Available Online  |t 0  |e GA 1.5/A-2:B-407224.3  |h Superintendent of Documents classification 
998 f f |a GA 1.5/A-2:B-407224.3  |t 0  |l Available Online